| 000 | 00442nam a2200169Ia 4500 | ||
|---|---|---|---|
| 008 | 170203s9999 xx 000 0 und d | ||
| 020 | _a9780439340212 | ||
| 050 | _aFic | ||
| 050 | _b.C257s 2000 | ||
| 100 | _aCarus, Marianne | ||
| 245 | _a13 Scary Ghost Stories / | ||
| 245 | _cMarianne Carus (Author), Youngsheng Xuan (Illustrator) | ||
| 260 | _aNew York : | ||
| 260 | _bScholastic Inc., | ||
| 260 | _c2000 | ||
| 300 | _a131 pages ; | ||
| 999 |
_c305997 _d305997 |
||